Bloomberg visual guide to candlestick charting / (Record no. 277357)
[ view plain ]
| 000 -LEADER | |
|---|---|
| fixed length control field | 01166cam a2200301 a 4500 |
| 001 - CONTROL NUMBER | |
| control field | 16872303 |
| 005 - DATE AND TIME OF LATEST TRANSACTION | |
| control field | 20150122110831.0 |
| 008 - FIXED-LENGTH DATA ELEMENTS--GENERAL INFORMATION | |
| fixed length control field | 110714s2012 njua b 001 0 eng |
| 010 ## - LIBRARY OF CONGRESS CONTROL NUMBER | |
| LC control number | 2011029124 |
| 020 ## - INTERNATIONAL STANDARD BOOK NUMBER | |
| International Standard Book Number | 9781118098455 (pbk.) |
| 040 ## - CATALOGING SOURCE | |
| Original cataloging agency | DLC |
| Transcribing agency | DLC |
| Modifying agency | DLC |
| 042 ## - AUTHENTICATION CODE | |
| Authentication code | pcc |
| 050 00 - LIBRARY OF CONGRESS CALL NUMBER | |
| Classification number | HG 4638 |
| Item number | .T458 2012 |
| 082 00 - DEWEY DECIMAL CLASSIFICATION NUMBER | |
| Classification number | 332.63/2042 |
| 100 1# - MAIN ENTRY--PERSONAL NAME | |
| Personal name | Thomsett, Michael C. |
| 245 10 - TITLE STATEMENT | |
| Title | Bloomberg visual guide to candlestick charting / |
| Statement of responsibility, etc | Michael C. Thomsett. |
| 246 30 - VARYING FORM OF TITLE | |
| Title proper/short title | Visual guide to candlestick charting |
| 260 ## - PUBLICATION, DISTRIBUTION, ETC. (IMPRINT) | |
| Place of publication, distribution, etc | Hoboken, N.J. : |
| Name of publisher, distributor, etc | Wiley, |
| Date of publication, distribution, etc | c2012. |
| 300 ## - PHYSICAL DESCRIPTION | |
| Extent | 374 pages : |
| Other physical details | colored illustrations ; |
| Dimensions | 18 cm. |
| 490 0# - SERIES STATEMENT | |
| Series statement | Bloomberg visual guide series |
| 504 ## - BIBLIOGRAPHY, ETC. NOTE | |
| Bibliography, etc | Includes bibliographical references (p. 371) and index. |
| 505 0# - FORMATTED CONTENTS NOTE | |
| Formatted contents note | Ypes of charts compared -- The history of candlesticks -- Candlesticks and their attributes -- Pitfalls of candlesticks. |
| 650 #0 - SUBJECT ADDED ENTRY--TOPICAL TERM | |
| Topical term or geographic name as entry element | Stocks |
| Form subdivision | Charts, diagrams, etc. |
| 650 #0 - SUBJECT ADDED ENTRY--TOPICAL TERM | |
| Topical term or geographic name as entry element | Investment analysis. |
| 906 ## - LOCAL DATA ELEMENT F, LDF (RLIN) | |
| a | 7 |
| b | cbc |
| c | orignew |
| d | 1 |
| e | ecip |
| f | 20 |
| g | y-gencatlg |
| 942 ## - ADDED ENTRY ELEMENTS (KOHA) | |
| Source of classification or shelving scheme | Library of Congress Classification |
| Koha item type | Books |
| Call number prefix | Foreign |
| Withdrawn status | Lost status | Source of classification or shelving scheme | Damaged status | Home library | Current library | Shelving location | Date acquired | Source of acquisition | Sub Shelving location | Total Checkouts | Total Renewals | Full call number | Barcode | Date last seen | Date checked out | Price effective from | Koha item type |
|---|---|---|---|---|---|---|---|---|---|---|---|---|---|---|---|---|---|
| Library of Congress Classification | College Library | College Library | Reserve Section | 01/22/2015 | Library Fund | 1 | 17 | HG 4638 .T458 2012 | C19067 | 05/15/2018 | 01/05/2018 | 01/22/2015 | Books |